000 00277nam a2200109Ia 4500
001 1272319
005 20260417151426.0
008 260417s9999 xx 000 0 und d
020 _a9786256999053
245 0 _aSon Oyuncak Mağarası
_cAykut Ertuğrul
260 _bKetebe Çocuk
999 _c1272319
_d1272319